MARC details
| 000 -LEADER |
| fixed length control field |
01354nam a22003017a 4500 |
| 001 - CONTROL NUMBER |
| control field |
03095 |
| 003 - CONTROL NUMBER IDENTIFIER |
| control field |
HDC |
| 007 - PHYSICAL DESCRIPTION FIXED FIELD--GENERAL INFORMATION |
| fixed length control field |
cr bn --- |
| 008 - FIXED-LENGTH DATA ELEMENTS--GENERAL INFORMATION |
| fixed length control field |
210101b20102010xxu||||| |||| 00| 0 eng d |
| 022 ## - INTERNATIONAL STANDARD SERIAL NUMBER |
| International Standard Serial Number |
2219-6021 |
| 040 ## - CATALOGING SOURCE |
| Original cataloging agency |
HDC |
| 100 ## - MAIN ENTRY--PERSONAL NAME |
| Personal name |
Anas Bin Mohd Yunus |
| Relator term |
author |
| 9 (RLIN) |
1958 |
| 245 #4 - TITLE STATEMENT |
| Title |
The Concept of Halalan Tayyiba and Its Application in Products Marketing |
| Remainder of title |
: a Case Study at Sabasun HyperRuncit Kuala Terengganu, Malaysia |
| Statement of responsibility, etc. |
/ Anas Bin Mohd Yunus, Dr. Wan Mohd Yusof Bin Wan Chik, & Mahani Binti Mohamad |
| 260 ## - PUBLICATION, DISTRIBUTION, ETC. |
| Place of publication, distribution, etc. |
United States: |
| Name of publisher, distributor, etc. |
Centre for Promoting Ideas, |
| Date of publication, distribution, etc. |
2010 |
| 300 ## - PHYSICAL DESCRIPTION |
| Extent |
1 online resource (10 pages) |
| 336 ## - CONTENT TYPE |
| Content type term |
text |
| Source |
rdacontent |
| 337 ## - MEDIA TYPE |
| Media type term |
computer |
| Source |
rdamedia |
| 338 ## - CARRIER TYPE |
| Carrier type term |
online resource |
| Source |
rdacarrier |
| 500 ## - GENERAL NOTE |
| General note |
Extract from: International Journal of Business and Social Science,2010, volume 1, number 3 (pages 239-248) |
| -- |
Includes bibliographical references |
| 650 ## - SUBJECT ADDED ENTRY--TOPICAL TERM |
| Topical term or geographic name entry element |
Halal food industry |
| General subdivision |
Marketing |
| 9 (RLIN) |
1945 |
| 650 ## - SUBJECT ADDED ENTRY--TOPICAL TERM |
| Topical term or geographic name entry element |
Halal food industry |
| Geographic subdivision |
Malaysia |
| 9 (RLIN) |
218 |
| 700 ## - ADDED ENTRY--PERSONAL NAME |
| Personal name |
Mahani Binti Mohamad |
| Relator term |
joint author |
| 9 (RLIN) |
1960 |
| 700 ## - ADDED ENTRY--PERSONAL NAME |
| Personal name |
Wan Mohd Yusof Bin Wan Chik |
| Titles and other words associated with a name |
Dr. |
| Relator term |
joint author |
| 9 (RLIN) |
1959 |
| 856 ## - ELECTRONIC LOCATION AND ACCESS |
| Public note |
Request full-text at [email protected] |
| 942 ## - ADDED ENTRY ELEMENTS (KOHA) |
| Source of classification or shelving scheme |
Library of Congress Classification |
| 942 ## - ADDED ENTRY ELEMENTS (KOHA) |
| Koha item type |
Articles |
| 942 ## - ADDED ENTRY ELEMENTS (KOHA) |
| Call number prefix |
JART 002534 |